| 000 | 00568nam a22001937a 4500 | ||
|---|---|---|---|
| 003 | DO-SdBNP | ||
| 005 | 20171129152559.0 | ||
| 008 | 171116b 2009 nyu ||||| |||| 00| 0 spa d | ||
| 020 | _a9780802458360 | ||
| 040 |
_aBPMSU _bspa _cBPMSU |
||
| 092 |
_axxxx _bxxxx |
||
| 100 | 1 | _aKluck, Ted | |
| 245 | 1 | 0 |
_aThe reason for sports : _ba Christian fanifesto _cTed Kluck. |
| 260 |
_aChicago, IL : _bMoody Publishers, _c2009. |
||
| 300 |
_a154 p. ; _c22 cm. |
||
| 942 |
_2ddc _cBK |
||
| 945 | _aInventariado extranjero / 2017 YL | ||
| 956 |
_aLOPEREZ _b10 _c20161116 _d0041 |
||
| 999 |
_c12915 _d12915 |
||